000 00679nam a2200241Ia 4500
003 OSt
005 20220927102932.0
006 a|||||r|||| 00| 0
007 ta
008 220926b |||||||| |||| 00| 0 eng d
024 _a35576
037 _cReference Collections
040 _aRTL
_cRTL
_beng
041 _2eng
_aeng
082 _a"X.25264.N2t4, GD"
110 _aUTTAR PRADESH
_9350962
245 0 _aReport on the industrial survey of the Garhwal district by H.N. Sapru
260 _c1924
300 _a64p
_ccm.
700 _aUTTAR PRADESH
_9350963
942 _h"X.25264.N2t4, GD"
_cCC
999 _c679305
_d679305